International Don Quixote (Record no. 101738)
[ view plain ]
| 000 -LEADER | |
|---|---|
| fixed length control field | 01339nam a2200337Ia 4500 |
| 245 00 - TITLE STATEMENT | |
| Title | International Don Quixote |
| 260 ## - PUBLICATION, DISTRIBUTION, ETC. (IMPRINT) | |
| Place of publication | Amsterdam : |
| Name of publisher | New York, N.Y. : |
| -- | Rodopi, |
| Year of publication | 2009. |
| 300 ## - PHYSICAL DESCRIPTION | |
| Number of Pages | 275 p. |
| 490 1# - SERIES STATEMENT | |
| Series statement | Textext ; |
| 650 #0 - SUBJECT ADDED ENTRY--TOPICAL TERM | |
| Topical Term | Don Quixote (Fictitious character) |
| 700 1# - ADDED ENTRY--PERSONAL NAME | |
| Personal name | Haen, Theo d'. |
| Personal name | Hondt, Roger d'. |
| 856 40 - ELECTRONIC LOCATION AND ACCESS | |
| Uniform Resource Identifier | http://site.ebrary.com/lib/rucke/Doc?id=10380236 |
No items available.
